000 00581nam a2200229Ia 4500
003 OSt
005 20220928101723.0
006 a|||||r|||| 00| 0
007 ta
008 220927b |||||||| |||| 00| 0 eng d
024 _a24917
037 _cTextual
040 _aSDCL
_cSDCL
_beng
041 _2eng
_aeng
082 _aQ2, N6
100 _aSharma Arvind
_9365070
245 0 _aHinduism for our times.
260 _aBombay
_bOxford University Press
_c1996
300 _a116p.
_ccm.
942 _hQ2, N6
_cTEXL
_2CC
999 _c709784
_d709784